000 02539nem0a2200397 4500
001 RU\NLR\DIGIT\75059
005 20260318165028.0
035 _a(NLR Aleph) 010133041
090 _a13632206
_c13632206
100 _a20080318d1798 m y0rusy50 ca
101 0 _ager
102 _aDE
_aRU
120 _aayy xx||
123 2 _aа
135 _acoco 024apabr
200 1 _aAtlas von Liefland oder von den beyden Gouvernementern u[nd] Herzogthümern Lief- und Ehstland und der Provinz Oesel.
_bКарты
_dAtlas de la Livonie ou des deux gouvernemen[t]s et duchés de Livonie et d'Esthonie avec la province d'Oesel
_eentworfen nach geometrischen Vermessungen, den neusten astronomischen Beobachtungen und nach sorgfaeltiger Untersuchung und Ken[n]tnis[se] der Gegenden, das Ganze besteht aus einer Generalkarte und vierzehn Kreiskarten
_ecomposé d'après quantité d'arpentages, d'après la connaissance des lieux mêmes, et les dernières observations astronomiques, contenant une carte générale et quatorze cartes spéciales
_fvon Lugvig August Graf Mellin
_ggezeichnet von Johann Wilhelm Krause
_ggestochen von Carl Jäck
_agestochen von F. G. Franz
_agestochen von Carl Joettnig
_agestochen von F. Guimpel
_agestochen von J. N. Champion
206 _a[М-бы разные, граф. м-бы в вёрстах, нем. милях и др. ед.]
210 _aRiga
_aLeipzig
_cbey Johann Friedrich Hartknoch
_dMDCCLXXXXVIII [1798]
215 _a1 атл. (тит. л., 16 несброшюр. л. карт)
_cграв., раскраш. границы, гербы
_d48х69 (54х77) см
325 _aКопия доступна в Электрон. б-ке РНБ http://vivaldi.nlr.ru/cm000000444/view
509 0 1 _aПрибалтийские
_hгубернии
_3RU\NLR\auth_atl18\55148
701 1 _aMellin
_bL. A.
_f1754-1835
_gLudwig August
_3RU\NLR\AUTH\770265554
702 1 _aKrause
_bJ. W.
_f1757-1828
_gJohann Wilhelm
_3RU\NLR\AUTH\770265661
_4570
702 1 _aHartknoch
_cjun.
_f1769-1819
_gJohann Friedrich
_4650
801 2 _aRU
_bNLR
_c20080408
_2rusmarc
852 _aNLR
_bК
_j1-БалтР 3/210
_m64063
856 0 _uhttp://vivaldi.nlr.ru/cm000000444/view
856 1 _uhttp://vivaldi.nlr.ru/cm000000444/cover
856 2 _uhttp://vivaldi.nlr.ru/cm000000444/text
942 _cMAP
980 _aCRT_CCRP18
980 _aNB
981 3 6 _a(36) Цифровой репозиторий РНБ
981 1 9 _a(19) Картографические материалы